[Event "3rd Pilsen Open"]
[Site "Plzen CZE"]
[Date "2011.11.26"]
[Round "9"]
[White "Blecha,Mir"]
[Black "Toman,Jar"]
[Result "0-1"]
[WhiteElo "2235"]
[BlackElo "2197"]

1.e4 c5 2.Nf3 Nc6 3.Bb5 g6 4.O-O Bg7 5.Bxc6 dxc6 6.d3 Nf6 7.Re1 O-O 8.h3 Ne8
9.Qe2 e5 10.Be3 Qe7 11.Qd2 Nc7 12.Bh6 f6 13.Bxg7 Kxg7 14.Nc3 Be6 15.Ne2 Rad8
16.Qe3 Nb5 17.Rf1 Nd4 18.Nfxd4 cxd4 19.Qd2 g5 20.Kh2 h5 21.f3 Rh8 22.g3 h4
23.g4 c5 24.b3 Rd7 25.a4 b6 26.Rfb1 Rc8 27.Qc1 a6 28.Qa3 Rdc7 29.Kg1 Qd7
30.Kf1 Qc6 31.Kf2 Qd6 32.Rb2 Bd7 33.Rba2 Kg6 34.Qc1 Be6 35.Qa3 Qd7 36.Ke1 Bf7
37.Kd2 Rc6 38.Kd1 Qc7 39.Qc1 b5 40.axb5 axb5 41.Ra7 Qb6 42.Qa3 c4 43.bxc4 bxc4
44.Ke1 cxd3 45.cxd3 Rc2 46.Ra6 Qb2 47.Qxb2 Rxb2 48.Kf2 Rcc2 49.Re1 Rd2 50.Ra3 Bb3
51.Ra6 Bd1  0-1

[Event "21st World Seniors Women"]
[Site "Rijeka CRO"]
[Date "2011.11.26"]
[Round "11.12"]
[White "Zaitseva,T"]
[Black "Jayashree P,S"]
[Result "1/2-1/2"]
[WhiteElo "2183"]
[BlackElo "1710"]

1.e4 c5 2.Nf3 Nc6 3.Bb5 a6 4.Bxc6 bxc6 5.O-O d5 6.d3 Bg4 7.h3 Bh5 8.Nbd2 e6
9.Qe1 Bd6 10.e5 Bc7 11.Qe3 d4 12.Qe4 Ne7 13.Re1 Ba5 14.Re2 Nd5 15.Nc4 Bc7
16.Re1 Bg6 17.Qe2 h6 18.a3 a5 19.Nfd2 O-O 20.Ne4 Bxe4 21.Qxe4 Ne7 22.Bd2 Qd5
23.Qg4 Kh7 24.Re4 Ng8 25.Qe2 Ne7 26.Re1 Nf5 27.Qg4 a4 28.Qe2 Rab8  1/2-1/2

[Event "TCh-CZE Liga1 Vychod"]
[Site "Czech Rep CZE"]
[Date "2011.11.27"]
[Round "4"]
[White "Chytilek,R"]
[Black "Zabystrzan,P"]
[Result "1/2-1/2"]
[WhiteElo "2393"]
[BlackElo "2316"]

1.e4 c5 2.Nf3 Nc6 3.Bb5 d6 4.O-O Bd7 5.Re1 a6 6.Bf1 e6 7.c3 Ne5 8.d4 Nxf3+
9.Qxf3 Nf6 10.Nd2 cxd4 11.cxd4 Be7 12.Nb3 O-O 13.Bg5 Ne8 14.Bxe7 Qxe7 15.Rac1 Qd8
16.Qc3 a5 17.e5 Bc6 18.Nd2 Nc7 19.Nc4 Nd5 20.Qb3 dxe5 21.Nxe5 Qd6 22.a3 Rfb8
23.Qg3 Be8 24.Qf3 Nf6 25.Red1 Qd5 26.Qh3 Rc8 27.Bc4 Qd6  1/2-1/2

[Event "TCh-CZE Liga 1 Zapad"]
[Site "Czech Rep CZE"]
[Date "2011.11.27"]
[Round "4.2"]
[White "Novak,Pa1"]
[Black "Vedral,O"]
[Result "1-0"]
[WhiteElo "2370"]
[BlackElo "2296"]

1.e4 c5 2.Nf3 Nc6 3.Bb5 d6 4.d4 cxd4 5.Qxd4 Bd7 6.Bxc6 Bxc6 7.Nc3 Nf6 8.Bg5 e6
9.O-O-O Be7 10.Qd3 O-O 11.Nd4 Rc8 12.f4 a6 13.h4 b5 14.Nxc6 Rxc6 15.e5 Ne8
16.Ne4 d5 17.Bxe7 Qxe7 18.Ng5 f5 19.Nf3 Nc7 20.Nd4 Rc4 21.b3 Qa3+ 22.Kb1 Rxd4
23.Qxd4 b4 24.Qc5 Nb5 25.Rh3 h6 26.c3 bxc3 27.Qxa3 Nxa3+ 28.Kc1 c2 29.Rd2 Rb8
30.Rd4 Rc8 31.Rh1 Nb5 32.Rd2 Na3 33.Kb2 Kf7 34.Rc1 Nb5 35.a4  1-0

[Event "25th Belgrade Trophy"]
[Site "Obrenovac SRB"]
[Date "2011.11.27"]
[Round "4.16"]
[White "Pikula,D"]
[Black "Petrovic,ZoZ"]
[Result "1-0"]
[WhiteElo "2535"]
[BlackElo "2105"]

1.e4 c5 2.Nf3 Nc6 3.Bb5 g6 4.Bxc6 dxc6 5.d3 Bg7 6.h3 Nf6 7.Nc3 Nd7 8.Be3 e5
9.Qd2 Qe7 10.a3 a5 11.O-O f6 12.Nh2 g5 13.Ne2 Nf8 14.b4 Ne6 15.Ng3 axb4 16.Nf5 Qf8
17.axb4 Rxa1 18.Rxa1 cxb4 19.Ra8 Kd7 20.d4 exd4 21.Bxd4 Kc7 22.Ng4 c5 23.Bxf6 Bxf6
24.Nxf6 Qd8 25.Nd5+ Kc6 26.Rxc8+  1-0

[Event "VIII Regina Prol"]
[Site "Santos BRA"]
[Date "2011.11.27"]
[Round "2.5"]
[White "Assumpcao,R"]
[Black "Crosa Coll,M"]
[Result "1-0"]
[WhiteElo "2245"]
[BlackElo "2384"]

1.e4 c5 2.Nf3 Nc6 3.Bb5 g6 4.Bxc6 dxc6 5.h3 Bg7 6.d3 e5 7.Be3 Qe7 8.O-O Nf6
9.Qd2 O-O 10.Nc3 Re8 11.a3 a5 12.Bh6 Nd7 13.Bxg7 Kxg7 14.Nh2 g5 15.Ne2 Nf8
16.Ng3 Ng6 17.Ng4 Nf4 18.Ne3 Kh8 19.Ngf5 Bxf5 20.Nxf5 Qf6 21.Kh2 Ne6 22.b4 Nd4
23.Nxd4 cxd4 24.bxa5 Qf4+ 25.Qxf4 gxf4 26.g3 fxg3+ 27.fxg3 Kg7 28.Rab1 Re7
29.Rb4 Rxa5 30.a4 Rc5 31.Rf2 Rc3 32.Kg2 c5 33.Rb5 c4 34.Rd2 Ra3 35.a5 Ra2
36.dxc4 f6 37.Rf2 Rc7 38.c5 h5 39.c3 Rxf2+ 40.Kxf2 dxc3 41.Ke3 h4 42.gxh4 Kg6
43.Kd3 Kh5 44.Kxc3 Kxh4 45.Kc4 Kxh3 46.Rb6 Rf7 47.Kd5 Kg4 48.Ke6 Rc7 49.Kd6 Rh7
50.a6 bxa6 51.c6 f5 52.exf5 Kxf5 53.c7 Rxc7 54.Kxc7 e4 55.Kd6  1-0

[Event "TCh-SVK Extraliga 2011-12"]
[Site "Slovakia SVK"]
[Date "2011.11.27"]
[Round "4"]
[White "Zagrapan,P"]
[Black "Spacek,O"]
[Result "1-0"]
[WhiteElo "2139"]
[BlackElo "1907"]

1.e4 c5 2.Nf3 Nc6 3.Bb5 g6 4.O-O Bg7 5.Re1 d6 6.c3 Bg4 7.h3 Bxf3 8.Qxf3 Qb6
9.Na3 a6 10.Ba4 Qc7 11.Bxc6+ Qxc6 12.Nc2 Nf6 13.d4 Nd7 14.Bg5 h6 15.Bh4 cxd4
16.Nxd4 Ne5 17.Qe2 Qb6 18.Kh1 Nc6 19.Nxc6 bxc6 20.e5 d5 21.Bf6 Bxf6 22.exf6 e6
23.b4 a5 24.bxa5 Qxa5 25.Qe3 Qd8 26.Qf4 g5 27.Qd4 O-O 28.f4 gxf4 29.Qxf4 Kh7
30.a4 Rg8 31.Rf1 Rg5 32.Qe3 Qd6 33.Rf3 e5 34.a5 Rg6 35.a6 e4 36.Rf4 c5 37.a7 Qb6
38.c4 Rxa7 39.Rxa7 Qxa7 40.cxd5 Qa1+ 41.Kh2 Qe5 42.Qxe4 Qxe4 43.Rxe4 Rxf6
44.Rc4 Rf1 45.Rxc5 Rd1 46.Kg3 Kg7 47.Kf4 Kf6 48.Rc6+ Ke7 49.Ke5 f6+ 50.Ke4 Re1+
51.Kd4 Rd1+ 52.Kc5 Rd2 53.g4 Rd3 54.Re6+ Kf7 55.Re4 Rxh3 56.d6 Rc3+ 57.Kb6 Rd3
58.Kc7 Rd1 59.Re7+ Kf8 60.Rh7 Rc1+ 61.Kd7 Rd1 62.Ke6 Kg8 63.Re7 Kf8 64.Rf7+ Kg8
65.Rxf6 Kg7 66.Rf5 Kg6 67.d7  1-0

[Event "25th Belgrade Trophy"]
[Site "Obrenovac SRB"]
[Date "2011.11.28"]
[Round "5.29"]
[White "Stojanovic,Vlastimir"]
[Black "Posedaru,B"]
[Result "1/2-1/2"]
[WhiteElo "2123"]
[BlackElo "2342"]

1.e4 c5 2.Nf3 Nc6 3.Bb5 d6 4.Bxc6+ bxc6 5.e5 dxe5 6.Nxe5 g6 7.h3 Bg7 8.Qe2 Qc7
9.Nf3 Rb8 10.Nc3 Nf6 11.O-O O-O 12.Re1 Nd5 13.Nxd5 cxd5 14.Qxe7 Bd7 15.Qg5 Bf5
16.d4 h6 17.Qf4 Qxf4 18.Bxf4 Rxb2 19.Bd6 Rxc2 20.Bxf8 Kxf8 21.Rab1 Bf6 22.dxc5 Rxc5
23.Rb7 d4 24.g4 Be6 25.Rxa7 d3 26.Rd1 Rc3 27.Nd2 Bd5 28.Ra5 Bc6 29.f3 Rc2
30.Ne4 Bd4+ 31.Kf1 Bxe4 32.fxe4 Rf2+ 33.Ke1 Re2+ 34.Kf1  1/2-1/2

[Event "Vizag GM Open"]
[Site "Visakhapatnam IND"]
[Date "2011.11.29"]
[Round "9"]
[White "Navin,K"]
[Black "Akshat,Chandra"]
[Result "1-0"]
[WhiteElo "2377"]
[BlackElo "2012"]

1.e4 c5 2.Nf3 Nc6 3.Bb5 d6 4.O-O Bd7 5.c3 Nf6 6.Re1 a6 7.Bf1 Bg4 8.h3 Bh5
9.d3 e6 10.Be3 Be7 11.Nbd2 Qc7 12.a3 O-O 13.Qc2 d5 14.b4 cxb4 15.cxb4 Bxf3
16.Nxf3 e5 17.Bd2 Qd7 18.Qa2 d4 19.Be2 Bd6 20.Rac1 a5 21.b5 Nd8 22.a4 b6
23.Bd1 Ne6 24.Rc6 Rab8 25.Bb3 Nc5 26.Rxc5 Bxc5 27.Nxe5 Qc7 28.Nc6 Rbe8 29.e5 Nd7
30.Bxf7+ Rxf7 31.e6 Nf6 32.exf7+ Qxf7 33.Rxe8+ Nxe8 34.Qc2 Qd5 35.Bf4 Nf6
36.Be5 Nd7 37.Bxd4 Qe6 38.Bxc5 Nxc5 39.d4 Qe1+ 40.Kh2 Ne4 41.Qc4+ Kh8 42.Ne7  1-0

[Event "25th Belgrade Trophy"]
[Site "Obrenovac SRB"]
[Date "2011.12.01"]
[Round "8.24"]
[White "Olenin,N"]
[Black "Bressac,S"]
[Result "1-0"]
[WhiteElo "2323"]
[BlackElo "2212"]

1.e4 c5 2.Nf3 Nc6 3.Bb5 Nf6 4.d3 g6 5.O-O Bg7 6.Bxc6 dxc6 7.h3 O-O 8.Be3 b6
9.Nc3 e5 10.Qd2 Re8 11.Bh6 Bh8 12.Nh2 Be6 13.b3 b5 14.Nf3 Nh5 15.Ne2 f6 16.Be3 c4
17.dxc4 bxc4 18.Qxd8 Rexd8 19.Rfd1 Kf7 20.Nc3 Bg7 21.Na4 Rxd1+ 22.Rxd1 Bf8
23.Nd2 Rd8  1-0

[Event "Porec Open 2011"]
[Site "Porec CRO"]
[Date "2011.12.01"]
[Round "1.2"]
[White "Monjac,M"]
[Black "Martinovic,Sa"]
[Result "0-1"]
[WhiteElo "2013"]
[BlackElo "2504"]

1.e4 c5 2.Nf3 Nc6 3.Bb5 e6 4.Bxc6 bxc6 5.d3 Ne7 6.Nc3 Ng6 7.h4 h5 8.e5 f6
9.Qe2 Qc7 10.exf6 gxf6 11.Qe4 Kf7 12.Ne2 d5 13.Qa4 Rb8 14.c3 e5 15.Ng3 Bd6
16.Qc2 e4 17.dxe4 Bxg3 18.fxg3 dxe4 19.Ng5+ fxg5 20.O-O+ Kg7 21.Qxe4 Ba6
22.Rf5 Rbe8 23.Qf3 Re1+ 24.Kh2 Rf1  0-1

[Event "VIII Regina Prol"]
[Site "Santos BRA"]
[Date "2011.12.01"]
[Round "8.3"]
[White "Crosa Coll,M"]
[Black "Stamenkovic,Dr"]
[Result "1/2-1/2"]
[WhiteElo "2384"]
[BlackElo "2422"]

1.e4 c5 2.Nf3 Nc6 3.Bb5 g6 4.O-O Bg7 5.Re1 e5 6.c3 Nge7 7.d4 exd4 8.cxd4 cxd4
9.Bf4 a6 10.Bc4 d6  1/2-1/2

[Event "TCh-CZE Extraliga 2011-12"]
[Site "Czech Republic CZE"]
[Date "2011.12.03"]
[Round "3.3"]
[White "Rasik,V"]
[Black "Simacek,P"]
[Result "1/2-1/2"]
[WhiteElo "2473"]
[BlackElo "2462"]

1.e4 c5 2.Nf3 Nc6 3.Bb5 g6 4.Bxc6 dxc6 5.h3 Bg7 6.d3 e5 7.Nbd2 Nh6 8.Nc4 f6
9.Be3 Qe7 10.Qd2 Nf7 11.Qa5 Bf8 12.a3 Be6 13.O-O Bxc4 14.dxc4 Qe6 15.Rfd1 b6
16.Qa6 Nd6 17.Nd2 Qc8 18.Qa4 a5 19.b4 b5 20.Qb3 a4 21.Qd3 cxb4 22.axb4 Qe6
23.cxb5 cxb5 24.Nb1 Nc4 25.Nc3 Qc6 26.Qd5 Qxd5 27.Nxd5 O-O-O 28.c3 Bg7 29.Bc5 Rd7
30.Kf1 Kb7 31.Ke2 Nb2 32.Rd2 Nc4 33.Rdd1 Nb2 34.Rd2 Nc4 35.Rdd1  1/2-1/2

[Event "TCh-AUT 2 Mitte 2011-12"]
[Site "Maria Saal AUT"]
[Date "2011.12.03"]
[Round "5"]
[White "Ceschia,I"]
[Black "Titz,Hei"]
[Result "1-0"]
[WhiteElo "2316"]
[BlackElo "2202"]

1.e4 c5 2.Nf3 Nc6 3.Bb5 e6 4.O-O Nge7 5.Re1 a6 6.Bf1 d5 7.exd5 Qxd5 8.c3 g6
9.d4 cxd4 10.cxd4 Bg7 11.Nc3 Qd8 12.d5 exd5 13.Nxd5 Be6 14.Bc4 Bxd5 15.Qxd5 Qxd5
16.Bxd5 O-O 17.Be4 Rfd8 18.Bg5 Rd7 19.Rad1 Rad8 20.Rxd7 Rxd7 21.Bxc6 Nxc6
22.Re8+ Bf8 23.Bf6 Rd6 24.Bc3 f6 25.g4 Kf7 26.Rc8 Rd7 27.Bxf6 Kxf6 28.Rxf8+ Ke6
29.Kg2 Kd5 30.Rh8 Ne5 31.Nxe5 Kxe5 32.Kg3 a5 33.Ra8 b6 34.Rb8 Rd6 35.f4+ Ke4
36.Re8+ Kd3 37.f5 gxf5 38.gxf5 Kc4 39.Re6 Rd3+ 40.Kf4 b5 41.f6 Rd1 42.Re3 Rd6
43.Ke5 Rd1 44.f7 Rf1 45.Re4+  1-0

[Event "TCh-AUT 2 Mitte 2011-12"]
[Site "Maria Saal AUT"]
[Date "2011.12.03"]
[Round "5"]
[White "Wegerer,F"]
[Black "Rieger,R"]
[Result "1-0"]
[WhiteElo "2159"]
[BlackElo "2167"]

1.e4 c5 2.Nf3 Nc6 3.Bb5 d6 4.O-O Bd7 5.c3 Nf6 6.Re1 e5 7.d4 Qc7 8.Bg5 Be7
9.dxc5 dxc5 10.Nbd2 O-O 11.a4 Rad8 12.Qc2 Na5 13.b3 Be6 14.Bf1 a6 15.Bh4 Rfe8
16.Bg3 Nd7 17.Qb2 f6 18.Rec1 Qb6 19.Rab1 Rc8 20.Rd1 Rc7 21.Be2 Rd8 22.h3 Nb8
23.Nh2 Nbc6 24.Nhf1 Rcd7 25.Bg4 Bxg4 26.hxg4 c4 27.Ne3 cxb3 28.Nd5 Qc5 29.Nxb3 Nxb3
30.Qxb3 Kf8 31.Rd3 Na5 32.Qd1 Qc4 33.Qf3 Kg8 34.Nxe7+ Kf7 35.Rxd7 Rxd7 36.Nd5 Qxa4
37.g5 Nc4 38.gxf6 g6 39.Rb4 Qa1+ 40.Kh2 b5 41.Qg4 Ra7 42.Qc8 Qc1 43.f4 a5
44.Rxc4 bxc4 45.Bf2 Qd1 46.Bxa7  1-0

[Event "TCh-AUT 2 Mitte 2011-12"]
[Site "Steyregg AUT"]
[Date "2011.12.03"]
[Round "5"]
[White "Wiesinger,R"]
[Black "Tober,G"]
[Result "1/2-1/2"]
[WhiteElo "2277"]
[BlackElo "2272"]

1.e4 c5 2.Nf3 Nc6 3.Bb5 d6 4.Bxc6+ bxc6 5.O-O e5 6.c3 Nf6 7.Re1 Bg4 8.d4 cxd4
9.cxd4 exd4 10.Qa4 Bxf3 11.Qxc6+ Nd7 12.gxf3 Be7 13.Qd5 O-O 14.Qxd4 Ne5 15.Qd1 f5
16.f4 Ng4 17.Nc3 Bh4 18.Rf1 Qf6 19.h3 Nh6 20.Qd5+ Kh8 21.e5 Qg6+ 22.Kh2 dxe5
23.fxe5 f4 24.Qe4 Qxe4 25.Nxe4 Rae8 26.Bd2 Rxe5 27.Rae1 Rh5 28.Bc3 Kg8 29.Nd6 Rd5
30.Re6 Nf5  1/2-1/2

[Event "45th ch-RSA 2011"]
[Site "Cape Town RSA"]
[Date "2011.12.04"]
[Round "11"]
[White "Van den Heever,D"]
[Black "Van Rensburg,R"]
[Result "1/2-1/2"]
[WhiteElo "2287"]
[BlackElo "2103"]

1.e4 c5 2.Nf3 Nc6 3.Bb5 Nf6 4.e5 Nd5 5.O-O g6 6.Nc3 Nc7 7.Bxc6 dxc6 8.d3 Bg4
9.h3 Bxf3 10.Qxf3 Bg7 11.Bf4 Ne6 12.Rfe1 O-O 13.Bg3 Qb6 14.Rab1 Rad8 15.Qe3 Nd4
16.Qc1 c4 17.dxc4 Qb4 18.Re4 Qxc4 19.Bf4 Qe6 20.a4 Qf5 21.Qe3 c5 22.Rc1 Rfe8
23.a5 b5 24.axb6 axb6 25.Na4 Qe6 26.b3 Rd7  1/2-1/2

[Event "TCh-AUT 2 Mitte 2011-12"]
[Site "Graz AUT"]
[Date "2011.12.04"]
[Round "6"]
[White "Kuba,G"]
[Black "Supancic,D"]
[Result "1/2-1/2"]
[WhiteElo "2384"]
[BlackElo "2368"]

1.e4 c5 2.Nf3 Nc6 3.Bb5 Na5 4.c3 a6 5.Ba4 b5 6.Bc2 e6 7.O-O Bb7 8.d4 cxd4
9.cxd4 Nf6 10.Qe2 Be7 11.Nbd2 d5 12.e5 Nd7 13.Bd3 Nb6 14.h3 Qd7 15.b3 Nc6
16.Bb2 Nb4 17.Bb1 g6 18.Ne1 O-O 19.a3 Nc6 20.Nd3 Rae8 21.Nc5 Qc7 22.Rc1 Nd7
23.Nxb7 Qxb7 24.Bd3 Qb6 25.Nf3 f5 26.a4 Nb4 27.axb5 Nxd3 28.Qxd3 axb5 29.Bc3 Ra8
30.Bd2 Rxa1 31.Rxa1 Rc8 32.Ra5 Rb8 33.h4 Nf8 34.g3 Qc6 35.Kg2 Kg7 36.Ne1 Rb7
37.Nc2 Kf7 38.Nb4 Qd7 39.Nc2 Qc6 40.Nb4 Qd7 41.Ra8 Qc7 42.Na6 Qc6 43.Qc3 Qxc3
44.Bxc3 b4 45.Bd2 Nd7 46.Bh6 Rb6 47.Bg5 Bxg5 48.hxg5 Rb7 49.Kf1  1/2-1/2

[Event "Ascona Gp B"]
[Site "Ascona SUI"]
[Date "2011.12.05"]
[Round "3.1"]
[White "Duport,N SUI"]
[Black "Medici,Simone"]
[Result "1-0"]
[WhiteElo "2193"]
[BlackElo "2090"]

1.e4 c5 2.Nf3 Nc6 3.Bb5 g6 4.Bxc6 bxc6 5.O-O Bg7 6.Re1 d5 7.d3 Bg4 8.Nc3 e6
9.h3 Bxf3 10.Qxf3 Ne7 11.Bg5 d4 12.Na4 Qa5 13.b3 e5 14.Bf6 Kf8 15.Nb2 Ng8
16.Nc4 Qc7 17.Bg5 Ne7 18.Qg4 Qc8 19.Qg3 Qe6 20.Bc1 Nc8 21.f4 Nb6 22.Nxe5 Bxe5
23.fxe5 Nd7 24.Bh6+ Kg8 25.Rf1 Nxe5 26.Rf2 a5 27.Raf1 Re8 28.Qxe5 Qxe5 29.Rxf7 Qf5
30.Rg7+ Kf8 31.exf5  1-0

[Event "2nd JAHV McGregor Open"]
[Site "Bogota COL"]
[Date "2011.12.07"]
[Round "3"]
[White "Herrera,Jua"]
[Black "Mosquera,M"]
[Result "0-1"]
[WhiteElo "2141"]
[BlackElo "2396"]

1.e4 c5 2.Nf3 Nc6 3.Bb5 d6 4.O-O Bd7 5.Re1 Nf6 6.c3 a6 7.Bf1 e5 8.g3 g6 9.Bg2 Bg7
10.d4 Bg4 11.dxc5 dxc5 12.Qc2 O-O 13.Be3 Qe7 14.Nbd2 Rac8 15.Nf1 Rfd8 16.Bg5 h6
17.Bxf6 Qxf6 18.N3d2 Qe6 19.Ne3 Nd4 20.cxd4 cxd4 21.Nec4 b5 22.Bf1 Bh3 23.Bxh3 Qxh3
24.Qd3 bxc4 25.Nxc4 Qe6 26.b3 h5 27.Rac1 Rc5 28.Rc2 Rdc8 29.Ree2 Bh6 30.Nb2 Rc3
31.Qd1 d3 32.Rxc3 Rxc3 33.Re1 Rc1 34.Qxc1 Bxc1 35.Rxc1 Qg4 36.Nxd3 Qxe4 37.Nc5 Qe2
38.Rc4 Qxa2 39.Ra4 Qc2 40.b4 a5 41.Rxa5 Qb1+ 42.Kg2 Qxb4 43.Ra8+ Kg7 44.Rc8 e4
45.Rc7 Qc4 46.h4 Qd5 47.Kg1 Qe5 48.Rc6 e3 49.Nd3 Qd4 50.Nf4 Qd1+  0-1

[Event "2nd JAHV McGregor Open"]
[Site "Bogota COL"]
[Date "2011.12.07"]
[Round "3"]
[White "Bejarano U,Danny Andres"]
[Black "Patino,Jairo"]
[Result "1-0"]
[WhiteElo "2002"]
[BlackElo "1636"]

1.e4 c5 2.Nf3 Nc6 3.Bb5 a6 4.Bxc6 bxc6 5.O-O d5 6.Re1 Bg4 7.c3 e6 8.d3 Be7
9.Nbd2 Nf6 10.Qa4 O-O 11.e5 Bxf3 12.exf6 Bxf6 13.Nxf3  1-0

[Event "Arab Games Blitz Men"]
[Site "Doha QAT"]
[Date "2011.12.10"]
[Round "1"]
[White "Njili,K"]
[Black "Elbaruni,M"]
[Result "1-0"]
[WhiteElo "2344"]
[BlackElo "2080"]

1.e4 c5 2.Nf3 Nc6 3.Bb5 g6 4.O-O Bg7 5.Re1 e5 6.c3 Nge7 7.d4 exd4 8.cxd4 Nxd4
9.Nxd4 Bxd4 10.e5 O-O 11.Nc3 f6 12.Bh6 fxe5 13.Bxf8 Qxf8 14.Bc4+ d5 15.Nxd5 Be6
16.Nxe7+ Qxe7 17.Bxe6+ Qxe6 18.Qc2 Rf8 19.Re2 Rf4 20.a3 Qf7 21.Rae1 a5 22.a4 Qf5
23.Qb3+ Qf7 24.Qxf7+ Kxf7 25.b3 h5 26.Kf1 Ke6 27.f3 g5 28.Re4 Rf7 29.Rc1 Kd5
30.h3 h4 31.Ke2 Rf4 32.Rxf4 gxf4 33.Kd3 Be3 34.Rd1 Bd4 35.Rd2 Be3 36.Re2 Bd4
37.Rc2 b6 38.Rd2 Be3 39.Rd1 Bd4 40.Kc2 Kd6 41.Kd3 Kd5  1-0

[Event "IV Amitan Mem GM"]
[Site "Donetsk UKR"]
[Date "2011.12.10"]
[Round "3"]
[White "Kasparov,S"]
[Black "Matjushin,G"]
[Result "1/2-1/2"]
[WhiteElo "2521"]
[BlackElo "2466"]

1.e4 c5 2.Nf3 Nc6 3.Bb5 d6 4.Bxc6+ bxc6 5.O-O Bg4 6.h3 Bh5 7.e5 dxe5 8.g4 e4
9.gxh5 exf3 10.Nc3 e6 11.Qxf3 Ne7 12.d3 Qd7 13.Ne4 Nf5 14.Be3 Nd4 15.Bxd4 cxd4
16.h6 O-O-O 17.hxg7 Rg8 18.Nf6 Rxg7+ 19.Kh1 Qb7 20.Rg1 Qb5 21.a4 Qc5 22.Ne4 Rxg1+
23.Rxg1 Qxc2 24.Qxf7 Qxd3 25.Qxe6+ Kb8 26.Kh2 Qa6 27.Rc1 Qc8 28.Qb3+  1/2-1/2

[Event "18th Zadar Open A"]
[Site "Zadar CRO"]
[Date "2011.12.12"]
[Round "2.7"]
[White "Saric,A"]
[Black "Kozul,Z"]
[Result "1/2-1/2"]
[WhiteElo "2497"]
[BlackElo "2577"]

1.e4 c5 2.Nf3 Nc6 3.Bb5 d6 4.O-O Bd7 5.Re1 a6 6.Bf1 g6 7.c3 Bg7 8.d4 cxd4
9.cxd4 Bg4 10.d5 Ne5 11.Qb3 Bxf3 12.gxf3 Qc7 13.f4 Nd7 14.Be3 Ngf6 15.Nd2 O-O
16.Rac1 Qb8 17.Bh3 Nc5 18.Qc2 a5 19.f5 b6 20.fxg6 fxg6 21.f4 Bh6 22.f5 Bxe3+
23.Rxe3 g5 24.Bg2 g4 25.Nc4 b5 26.e5 bxc4 27.exf6 exf6 28.Qe2 Nd3 29.Rxc4 Ne5
30.Rxg4+ Kh8 31.Rh4 Ra7 32.Rg3 Rc7 33.h3 Rg8 34.Rxg8+ Kxg8 35.Kh2 Qc8 36.Qh5 Qd7
37.Re4 Qb5 38.Re3 Qd7 39.Rb3 Rc8 40.Rg3+ Kh8 41.Qe2 Qxf5 42.Qa6 Rg8 43.Rxg8+ Kxg8
44.Qxa5 Qf4+ 45.Kh1 Qc1+ 46.Kh2 Qxb2 47.Qd8+ Kg7 48.Qxd6 Qxa2 49.Qe7+ Nf7
50.Qe6 Qd2 51.Qg4+ Kf8 52.Qc8+ Kg7 53.Qg4+ Kf8 54.Qc8+  1/2-1/2

[Event "3rd Palau Invitational"]
[Site "Koror PLW"]
[Date "2011.12.15"]
[Round "3"]
[White "Anzawa,George"]
[Black "Suringa Jr,Paquito"]
[Result "0-1"]
[WhiteElo "1398"]
[BlackElo "1729"]

1.e4 c5 2.Nf3 Nc6 3.Bb5 a6 4.Bxc6 dxc6 5.d3 Bg4 6.O-O e6 7.h3 Bh5 8.Qe2 Bd6
9.Qe3 Bc7 10.Nc3 Qd6 11.g3 O-O-O 12.Re1 f6 13.e5 fxe5 14.Nxe5 Ne7 15.g4 Bg6
16.Ne4 Bxe4 17.Qxe4 Rdf8 18.Nc4 Qh2+  0-1

[Event "3rd Palau Invitational"]
[Site "Koror PLW"]
[Date "2011.12.16"]
[Round "5"]
[White "Montel,C"]
[Black "Garcia,Bernardo"]
[Result "1/2-1/2"]
[WhiteElo "1942"]
[BlackElo "1661"]

1.e4 c5 2.Nf3 Nc6 3.Bb5 d6 4.d4 Qa5+ 5.Nc3 a6 6.Bxc6+ bxc6 7.O-O Bg4 8.h3 Bxf3
9.Qxf3 cxd4 10.Ne2 e5 11.Ng3 g6 12.Rd1 Bg7 13.Bg5 h6 14.Bd2 Qb6 15.Rab1 Ne7
16.c3 c5 17.h4 O-O 18.h5 Kh7 19.b4 Rac8 20.a4 c4 21.b5 a5 22.Qg4 d5 23.Qh4 g5
24.Qg4 dxe4 25.Qxe4+ f5 26.Nxf5 Nxf5 27.g4 Kh8 28.gxf5 Qf6 29.cxd4 c3 30.dxe5  1/2-1/2

[Event "XXIII Carlos Torre Magistral"]
[Site "Merida MEX"]
[Date "2011.12.16"]
[Round "1.3"]
[White "Corrales Jimenez,F"]
[Black "Corrales Jimenez,Z"]
[Result "1-0"]
[WhiteElo "2578"]
[BlackElo "2195"]

1.e4 c5 2.Nf3 Nc6 3.Bb5 g6 4.Bxc6 dxc6 5.d3 Bg7 6.O-O Nf6 7.h3 O-O 8.Nc3 Nd7
9.Be3 e5 10.Nh2 b6 11.Qd2 Qe7 12.a4 Re8 13.Ng4 Nf8 14.Rae1 Ne6 15.Ne2 Ba6
16.f4 exf4 17.Nxf4 Rad8 18.Nxe6 Qxe6 19.Bg5 Rc8 20.Nf6+ Bxf6 21.Bxf6 Qd6
22.Bc3 Re6 23.Re3 b5 24.Ref3 Rc7 25.b3 bxa4 26.bxa4 c4 27.Qf2 Qd7 28.Rf6 Re7
29.Rxg6+  1-0

[Event "XXIII Carlos Torre Magistral"]
[Site "Merida MEX"]
[Date "2011.12.17"]
[Round "2.2"]
[White "Macieja,B"]
[Black "Quesada Perez,Ya"]
[Result "1/2-1/2"]
[WhiteElo "2616"]
[BlackElo "2437"]

1.e4 c5 2.Nf3 Nc6 3.Bb5 g6 4.Bxc6 bxc6 5.O-O Bg7 6.Re1 Nh6 7.c3 O-O 8.d4 cxd4
9.cxd4 f6 10.Qc2 Nf7 11.Be3 Qa5 12.Nbd2 Qa6 13.Rec1 Rb8 14.Nb3 Qb5 15.Nfd2 Nd8
16.Qc4+ Qxc4 17.Nxc4 f5 18.Bg5 Kf7 19.exf5 gxf5 20.Re1 Ne6  1/2-1/2

[Event "FIDE Women's World Teams"]
[Site "Mardin TUR"]
[Date "2011.12.18"]
[Round "1"]
[White "Zhang Xiaowen"]
[Black "Patel,Y"]
[Result "1-0"]
[WhiteElo "2364"]
[BlackElo "1832"]

1.e4 c5 2.Nf3 Nc6 3.Bb5 g6 4.O-O Bg7 5.c3 e5 6.Re1 d6 7.h3 Ne7 8.d3 O-O 9.Nbd2 h6
10.a3 Qc7 11.Bc4 a5 12.a4 Kh7 13.Nf1 f5 14.exf5 Bxf5 15.Ne3 Bd7 16.Bb3 Be8
17.Ng4 Nf5 18.Be3 Bf7 19.Bc2 Nxe3 20.fxe3 d5 21.e4 dxe4 22.dxe4 Bc4 23.Ne3 Rad8
24.Nd5 Bxd5 25.exd5 Ne7 26.c4 Nf5 27.Ra3 Nd4 28.Nh4 Rd6 29.Be4 Rf4 30.Nf3 Rb6
31.Qd2 Rb4 32.Nxd4 cxd4 33.Rg3 Rxc4 34.Bxg6+ Kh8 35.Bd3 Rf8 36.Bxc4 Qxc4
37.Qxa5 Qc2 38.Kh2 d3 39.Qb4 d2 40.Qg4 Rg8 41.Rf1 e4 42.Rf6 Qc8 43.Qf4 Qd7
44.Qxd2 Kh7 45.Re6 Qxa4 46.Qf4 Qd4 47.Qf7 e3 48.Rxh6+  1-0

[Event "XXIII Carlos Torre Magistral"]
[Site "Merida MEX"]
[Date "2011.12.20"]
[Round "8.5"]
[White "Ruiz Sanchez,O"]
[Black "Quesada Perez,Yu"]
[Result "0-1"]
[WhiteElo "2411"]
[BlackElo "2636"]

1.e4 c5 2.Nf3 Nc6 3.Bb5 d6 4.d4 cxd4 5.Qxd4 Bd7 6.Bxc6 Bxc6 7.Nc3 Nf6 8.Bg5 e6
9.Qd3 Be7 10.Nd4 O-O 11.O-O-O Qa5 12.f4 Rac8 13.f5 Rfe8 14.h4 Bd7 15.Kb1 h6
16.g4 Nxg4 17.Bxe7 Rxe7 18.Qg3 h5 19.Qxd6 Qc5 20.Qxc5 Rxc5 21.fxe6 fxe6 22.Rdf1 b5
23.a3 Re8 24.Rh3 Rec8 25.Rd3 Ne5 26.Rg3 Ng4 27.Rd3 Ne5 28.Rg3 a6 29.Nb3 R5c7
30.Rg5 Nf7 31.Rg3 Ne5 32.Rg5 Nc4 33.Rfg1 Be8 34.Nd4 Re7 35.R5g3 Ne5 36.Nce2 Rd8
37.Rxg7+ Rxg7 38.Rxg7+ Kxg7 39.Nxe6+ Kf6 40.Nxd8 Nf3 41.Kc1 Ke5 42.Nb7 Nxh4
43.Kd2 Ng2 44.Ng1 Kf4 45.e5 Kxe5 46.Ke2 Nf4+ 47.Kf2 Bg6 48.Nf3+ Kd5 49.Ne1 Ne6
50.Na5 Be4 51.b3 Kc5 52.c4 b4 53.Ke3 Ng5 54.Nd3+ Bxd3 55.axb4+ Kxb4 56.Nc6+ Kc5
57.Nb8 Bxc4 58.bxc4 a5 59.Kd3 h4 60.Nd7+ Kb4 61.Ne5 h3 62.Kc2 h2 63.Nd3+ Kxc4
64.Nf2 Ne4  0-1

[Event "XXII Cajacanarias Christmas"]
[Site "Santa Cruz de Tenerife ESP"]
[Date "2011.12.21"]
[Round "4"]
[White "Rodriguez Vera,G"]
[Black "Molina Rodriguez,B"]
[Result "1/2-1/2"]
[WhiteElo "2137"]
[BlackElo "2123"]

1.e4 c5 2.Nf3 Nc6 3.Bb5 g6 4.c3 Nf6 5.d3 Bg7 6.O-O O-O 7.Re1 d6 8.Na3 e5
9.d4 cxd4 10.cxd4 Nxd4 11.Nxd4 exd4 12.Qxd4 Be6 13.Bg5 h6 14.Bh4 g5 15.Bg3 d5
16.e5 Ne4 17.Bd3 f5 18.exf6 Qxf6 19.Qxf6 Bxf6 20.Nb5 Bf5 21.Bxe4 Bxe4 22.f3 Bf5
23.Be5 a6 24.Nd4 Bd8 25.Kh1 Bb6 26.Nb3 Rac8 27.Rad1 Rfd8 28.Bd4 Bc7 29.Re7 Rd7
30.Rde1 Bd6 31.Re8+ Rxe8 32.Rxe8+ Kf7 33.Rh8 Bf8 34.g4 Bg6 35.Kg1 Rc7 36.h3 Rc2
37.Bc3 b5 38.a3 Bg7 39.Rc8 d4 40.Rc7+ Kg8 41.Rxg7+ Kxg7 42.Nxd4 Rc1+ 43.Kf2 Kf7
44.Nb3 Rc2+ 45.Kg3 h5 46.h4 gxh4+ 47.Kxh4 hxg4 48.fxg4 Rh2+ 49.Kg5 Rc2 50.Nd4 Rg2
51.Nc6 Be4 52.Ne5+ Ke6 53.Kf4 Bb1 54.Nf3 Kd5 55.g5 a5 56.Nh4 Rf2+ 57.Kg3 Rf1
58.Bxa5 Be4 59.Bc3 Rg1+ 60.Kf4 Bd3 61.Nf3 Rf1 62.Ke3 Bg6 63.Nh4 Be4 64.g6 Rg1
65.g7 Rg4 66.Kf2 Bh7 67.Nf3 Ke4 68.Nd2+ Kd3 69.Nb3 Kc4 70.Na5+ Kd3 71.Nc6 Ke4
72.Na7 Rg5 73.Nc8 Rg6 74.Ne7 Rg4 75.Nc8 Rg6 76.Na7 Rg5 77.Nc6 Rg6 78.Nb4 Bg8
79.Nc2 Rg5 80.Ne3 Bh7 81.Nf1 Bg8 82.Ng3+ Kd3 83.Kf3 Kc4 84.Kf4 Rg6 85.Be5 b4
86.axb4 Kxb4 87.Kf5 Rc6 88.Kg5 Rc5 89.Kf4 Rc6 90.Ne4 Rc4 91.Ke3 Rc8 92.Nf6 Be6
93.Bd6+ Kb3 94.Be5 Rd8 95.Kf4 Rd1 96.Bc3 Rg1 97.Ne4 Bg8 98.Ng5 Rf1+ 99.Ke5 Rf2
100.Kd6 Rf5 101.Ne4 Rf7 102.Ng5 Rf5 103.Ne4 Rf7 104.Nc5+ Kc4 105.Nd7 Kb3
106.Bf6 Kb4 107.Ke6 Rxg7+ 108.Kd6 Rxd7+  1/2-1/2

[Event "48th Groningen Open A"]
[Site "Groningen NED"]
[Date "2011.12.22"]
[Round "2.17"]
[White "Duijker,R"]
[Black "Michiels,B"]
[Result "0-1"]
[WhiteElo "2204"]
[BlackElo "2492"]

1.e4 c5 2.Nf3 Nc6 3.Bb5 g6 4.Bxc6 bxc6 5.O-O Bg7 6.d3 d6 7.h3 Nh6 8.Nc3 O-O
9.Qe2 e5 10.Nd1 f5 11.Bg5 Qc7 12.Bxh6 Bxh6 13.Ne1 Be6 14.b3 Qd7 15.f3 Bf4
16.g4 Qg7 17.Ng2 Bg3 18.Nge3 Qh6 19.Qg2 Qh4 20.Nc3 Bf4 21.Nc4 d5 22.gxf5 Bxf5
23.exf5 Rxf5  0-1